History Quiz

Random History or War Quiz

16 Historical Mistakes Quiz Stats

 Plays Quiz Updated Oct 15, 2015

Also try: Forty Famous Women
Challenge
Share
Tweet
Score 0/16 Timer 06:00
0 Plays Today
% Correct
Titanic - There were only 20 lifeboats for 1,178 people
98.9%
Moon landing - In fact, there are no known original recordings of the event
98.4%
Beatles - The best-selling band in history
98.3%
Alaska - Has many of the United States’ top-producing oil fields
97%
Leaning - The tower now leans at about 3.99 degrees
96.6%
Harry Potter - is the best-selling book series in history
96.2%
Bell - Two years later, they offered $25 million for it, but were turned down
94.2%
Ferdinand - Driver turned onto the street where Princip was sitting at a cafe
90.2%
% Correct
California - Fire caused 15 fatalities and costs were $27 million
89.6%
Indies - Columbus never knew he was on an entirely different continent
82.6%
Hindenburg - There were 36 fatalities in the Hindenburg disaster
81.9%
China - It could have been much more influential than any European power
78.7%
Penicillin - Antibiotics revolutionized medicine in the 20th century
71.6%
Oil - The explosion killed 167 of the 226 men working
66.8%
Turks - captured the capital of the Byzantine Empire in 1453
64.5%
Rommel - German Army lost valuable time because of his absence
44.2%

You're not logged in!

Compare scores with friends on all Sporcle quizzes.
OR
Log In

You Might Also Like...

Show Comments

Extras

Top Quizzes Today


Score Distribution

Your Account Isn't Verified!

In order to create a playlist on Sporcle, you need to verify the email address you used during registration. Go to your Sporcle Settings to finish the process.

Report this User

Report this user for behavior that violates our Community Guidelines.

Details: